| 000 | 00395nam a22001217a 4500 | ||
|---|---|---|---|
| 008 | 230619b xxu||||| |||| 00| 0 eng d | ||
| 082 |
_a070.4 _bNDE |
||
| 100 | _cNoelina Nabwire | ||
| 245 |
_aUrban Journalism _bRapporteur's Report on a Training Seminar on Raising Awareness of Media Practitioners on Urban Issues |
||
| 260 |
_aKenya _bThe Ford Foundation _c2002 |
||
| 300 | _a100p | ||
| 942 |
_2ddc _cBK |
||
| 999 |
_c1204 _d1204 |
||